000 00432ntaaa2200181 4500
003 01
005 20251027202634.0
008 0714s1973 ag 01
040 _aAR-BaBN
_bspa
_cAR-BaBN
_eaacr
_dRIC
082 _a371.9000 B45
100 _aBerge, André
245 _aEl escolar difícil
250 _a1 ed.
260 _aBuenos Aires :
_bEditorial Víctor Lerú,
_c1957
300 _a185 p
650 _aeducación
942 _cBK
999 _c21527
_d21527